LDR 00475naa#a2200169#i#450# 001 EN\\bibl\122164 005 20260604220406.4 011 ## _a1998-6785 100 ## _a20230921b2023####ek#y0engy0150####ca 102 ## _aRU 200 1# _aFrom the editors of the heading _eJournal article 210 1# _aVladivostok _cVladivostok State University _d2023 215 ## _a2 с. 608 ## _aJournal article _2local 700 #1 _aRyzhova _gNatalia P. 700 #1 _aIvanov _gSergei A. 856 4# _aojkum.editorum.ru _u